Statistiken für Bundesliga Rekordspieler

Klicken Sie hier um das Quiz zu spielen!

Allgemein

  • Dieses Quiz wurde 61 mal gespielt
  • Das Durchschnittsergebnis liegt bei 4 aus 20

Antwortstatistiken

HintAntwort% Korrekt
486Manuel Neuer
71%
557Oliver Kahn
67%
473Sepp Maier
51%
602Karl-Heinz Körbel
45%
535Klaus Fischer
35%
490Claudi Pizarro
27%
581Manfred Kaltz
25%
552Klaus Fichtel
20%
546Mirko Votava
18%
512Ulrich Stein
10%
534Eike Immel
8%
518Michael Lameck
8%
520Willi Neuberger
8%
493Ditmar Jakobs
6%
471Oliver Reck
6%
495Bernard Dietz
4%
478Dietmar Burdenski
4%
485Reiner Geye
2%
502Stefan Reuter
2%
469Christian Wörns
0%

Verteilung der Resultate

Perzentil nach korrekt beantworteten Fragen

Anzahl Personen mit jedem Resultat

Ihre Resultats-Entwicklung

Sie haben dieses Quiz noch nicht gespielt